MDQL
is popping MORE tags! Check the
thread
!
Quizzes
Events
Quiz Creation
Community
Videos
Private Events
Remove Ads
Sign In
Join for FREE
Feedback
Dark Mode
Quiz Categories
Sports
Geography
Music
Movies
Television
Just For Fun
Miscellaneous
History
Literature
Language
Science
Gaming
Entertainment
Religion
Holiday
For Kids
Quiz Lab
Recent
Popular Today
Quiz Kudos Today
Editor Picks
Curator Picks
Quizzes by...
Day
Popularity
Type
Ratings
Length
Year
Community
Subscriptions
Recent Discussions
Orange Saloon
Badges
Playlists
Quests
Create
Leaderboards
Showdown
Live 5
Trivia Bingo
Activity
Puzzle Library
Sporcle Events
Private Events
Virtual Trivia
Globe League
Become a Host
Pub Owners
SporcleCon
Opinionation
Our Games
Videos
Blog
Mobile Apps
Partnerships
Remove Ads and Go Orange
Feedback
Television
TV Characters
TV Show
Sitcom
Network
Friends
Reality Shows
Cast
South Park
Star Trek
The Simpsons
Doctor Who
Television
TV Characters
TV Show
Sitcom
Network
Friends
Reality Shows
Cast
South Park
Star Trek
The Simpsons
Doctor Who
Random Quiz
Search Sporcle
×
Quiz Lab
Quiz Lab
Television
Animation
Type in answers that appear in a list
Type in answers that appear in a list
Classic
Best Score? Go Orange.
Family Guy Season 1 Episodes Stats
Can you name the Family Guy Season 1 Episodes?
By
wes1986
5m
7 Questions
71 Plays
71 Plays
71 Plays
Comments
Comments
Give Quiz Kudos
Give Quiz Kudos
-
- Ratings
hide this ad
Replay
Link that replays current quiz
Next Quiz
Link to next quiz in quiz playlist
You Got
0%
They Got
Avg Score
59%
Avg Friend Score
Upgrade to see
Score Distribution
Jump to the score distribution portion of the page
Score
0/7
Timer
05:00
0
Plays Today
Episode #
Episode
% Correct
101
Death Has A Shadow
81.7%
103
Chitty Chitty Death Bang
71.8%
104
Mind Over Murder
54.9%
107
Brian:Portrait Of A Dog
54.9%
102
I Never Met The Dead Man
53.5%
105
A Hero Sits Next Door
52.1%
106
The Son Also Draws
50.7%
Quiz Playlist
Details
Report
Send in Message
Add To Playlist
Classic:
Type in answers that appear in a list
Last Updated: Feb 16, 2017
Quiz Scoreboard
CHALLENGE
Sign Up to Join the Scoreboard
Show All
Scores
Hide
Comments
May contain spoilers
Recently Published
5x2 Blitz: Bands
by SL_Kpop136
Music
30s
Colored Red Africa Blitz
by spor1
Geography
30s
Find the 'City' Movie
by crazypaving
Movies
60s
More to Explore
Quiz From the Vault
Featured Blog Post
14 Easter Pick-up Lines to Find Eggs With
hide this ad
You Might Also Like...
Tags
Animation Quiz
episode
Family
Family Guy
Guy
season
Today's Top Quizzes in Television
Browse Television
hide this ad
Today's Top Quizzes in Animation
Browse Animation
Top Contributed Quizzes in Television
1
Survivor Journey Challenge
2
Survivor Logic Puzzle: Heroes vs. Villains
3
One Tree Hill Logic Puzzle
4
Phoebe Buffay Quotes
5
Game of Thrones: Tywin Lannister Start to Finish
6
Brooklyn Nine Nine Logic Puzzle (How-To-Play)
7
A Series of Unfortunate Events: Netflix Character Chain
8
All US Survivor Seasons in Order
9
Survivor: Criteria Castaways
10
A Series of Unfortunate Events: S3 Character Chain
Explore More
Trending Topics
NBA
Kpop
Crossword
Harry Potter
Anime
Marvel
Disney
WWE
Pokémon
Soccer
Puzzle
The Office
Song
NFL
Country
hide this ad
More By:
wes1986
Quiz
Plays
Rating
Category
Featured
Created
Garth Brooks song by first line
1,168
3.00
Music
May 6, 2013
George Strait Song By First Line
834
1.00
Music
May 6, 2013
Garth Brooks # 1s
646
1.67
Music
Nov 13, 2009
NHL Team By Original Name
592
3.63
Sports
Jul 8, 2013
MLB Playoff Teams 1903-1968
572
1.33
Sports
Jul 16, 2012
Go to Creator's Profile
Score Distribution
Quiz Creator Spotlight
wes1986
Follow
Send a Message
Quizzes Created
-
Created Quiz Play Count
-
More By This Creator
Popular Quizzes Today
1
Find the 'City' Movie
2
5x2 Blitz: Bands
3
Colored Red Africa Blitz
4
Find the US States - No Outlines Minefield
5
The Countries of the World
6
Find the US States
7
9x9 Crossword: Cartoon Network
8
US States
More Television Quizzes
Grandpa's Frasier quiz 001
Quiz Lab
Trending Quizzes
Colored Red Europe Blitz I
Colored Red Africa Blitz II
Colored Red Europe Blitz III
Colored Red Europe Blitz II
Colored Red Africa Blitz III
Recently Updated
Champions League XIs: Real Madrid
pecheneg
Largest US Cities 1790-2010
pecheneg
Rides in Walt Disney World
pecheneg
Most Oscar Losses (Acting)
pecheneg
Beyoncé Albums
pecheneg
Leaping Animals
pecheneg
Reality TV Shows (A-Z)
bhenderson79
Rickey Henderson's Hall of Fame Teammates
pecheneg
Champions League XIs: Arsenal
pecheneg
Quick Pick: Celebrities in WWE's Hall of Fame
aduchscher
Trending Topics
Harry Potter
NBA
Kpop
Anime
Marvel
Disney
Crossword
Country
Soccer
Pokémon
NFL
WWE
The Office
Puzzle
Song
Your Account Isn't Verified!
In order to create a playlist on Sporcle, you need to verify the email address you used during registration. Go to your
Sporcle Settings
to finish the process.
Report this User
Report this user for behavior that violates our
Community Guidelines
.
Details:
Send Report
Go to the Sporcle.com Mobile Site →
Comments